书目信息 |
| 题名: |
城市生态工程学
|
|
| 作者: | 马光 , 胡仁禄 编著 | |
| 分册: | ||
| 出版信息: | 北京 化学工业出版社 2003 |
|
| 页数: | 297页 | |
| 开本: | 20cm | |
| 丛书名: | ||
| 单 册: | ||
| 中图分类: | X21 | |
| 科图分类: | ||
| 主题词: | 城市环境--环境生态学 , 城市环境 , 环境生态学 | |
| 电子资源: | ||
| ISBN: | 7-5025-4354-6 | |
| 000 | 00837nam0 2200265 450 | |
| 001 | 002320450 | |
| 005 | 20070805150254.34 | |
| 010 | @a7-5025-4354-6@dCNY28.00 | |
| 100 | @a20030307d2003 em y0chiy0110 ea | |
| 101 | 0 | @achi |
| 102 | @aCN@b110000 | |
| 105 | @ay z 000yy | |
| 106 | @ar | |
| 200 | 1 | @a城市生态工程学@Acheng shi sheng tai gong cheng xue@f马光,胡仁禄编著@Fma guang, hu ren lu bian zhu |
| 210 | @a北京@c化学工业出版社@d2003 | |
| 215 | @a297页@d20cm | |
| 330 | @a本书简述了城市生态学基本原理,介绍国内外生态环境污染控制技术及居住生态建设。列举出已实践的城市生态工程实例。 | |
| 606 | 0 | @a城市环境@x环境生态学 |
| 606 | 0 | @a城市环境 |
| 606 | 0 | @a环境生态学 |
| 690 | @aX21@v4 | |
| 701 | 0 | @a马光@Ama guang@c(教师)@4编著 |
| 701 | 0 | @a胡仁禄@Ahu ren lu@4编著 |
| 801 | 0 | @aCN@bNLC@c20070805 |
| 905 | @dX21@e105@f4 | |
| 城市生态工程学/马光,胡仁禄编著.-北京:化学工业出版社,2003 |
| 297页;20cm |
| ISBN 7-5025-4354-6:CNY28.00 |
| 本书简述了城市生态学基本原理,介绍国内外生态环境污染控制技术及居住生态建设。列举出已实践的城市生态工程实例。 |
| ● |
| 相关链接 |
|
|
|
|
正题名:城市生态工程学
索取号:X21/105
 
预约/预借
| 序号 | 登录号 | 条形码 | 馆藏地/架位号 | 状态 | 备注 |
| 1 | 0851022 | 208510226 | 第二样本阅览室/ [索取号:X21/105] | 在馆 | |
| 2 | 0851023 | 208510235 | 第三借阅区/ [索取号:X21/105] | 在馆 | |
| 3 | 0851024 | 208510244 | 第三借阅区/ [索取号:X21/105] | 在馆 | |
| 4 | 0851025 | 208510253 | 第三借阅区/ [索取号:X21/105] | 在馆 |